000 00325nam a2200145Ia 4500
005 20250428013752.0
008 240331s9999 xx 000 0 und d
082 _bRAN
_a891
100 _aRanaweera,E
245 0 _aLeyisa
260 _aGampaha
_bSarasavi Books
_c1967
300 _a164 p .,
650 _aA Novel
942 _cL
999 _c4857
_d4857